000 02411cam a2200553 i 4500
001 xx004975902
003 NUKAT
005 20260427133252.0
008 201020s2020 pl a g |000 0 pol c
020 _a9788380989993
_q(oprawa twarda) :
_czł 29,00
035 _a(OCoLC)1204367097
035 _a(NUKAT)xx004975902
040 _aKAT U/DB
_bpol
_erda
_cKAT U/DBs
_dKAT U/DB
_dWR O/KB
_dOLSZT 008/bak
045 2 _bd1913
_bd1951
046 _k2020
_o1950
_p1951
100 1 _aJakimek-Zapart, Elżbieta.
_eAutor
_940669
245 1 0 _aSny wstaną... :
_bgrypsy Łukasza Cieplińskiego z celi śmierci /
_cElżbieta Jakimek-Zapart ; Instytut Pamięci Narodowej. Komisja Ścigania Zbrodni przeciwko Narodowi Polskiemu.
246 3 0 _aGrypsy Łukasza Cieplińskiego z celi śmierci
260 _aWarszawa :
_bInstytut Pamięci Narodowej. Komisja Ścigania Zbrodni przeciwko Narodowi Polskiemu,
_c2020.
300 _a95, [1] strona :
_bilustracje (w tym kolorowe) ;
_c22 cm.
336 _aTekst
_btxt
_2rdacontent
337 _aBez urządzenia pośredniczącego
_bn
_2rdamedia
338 _aWolumin
_bnc
_2rdacarrier
380 _aKsiążki
380 _aPublikacje popularnonaukowe
388 1 _a1901-2000
388 1 _a1945-1989
388 1 _a2001-
600 1 7 _aCiepliński, Łukasz
_d(1913-1951)
_2DBN
_940670
600 1 7 _aCiepliński, Łukasz
_d(1913-1951)
_vkorespondencja.
_2kaba
_940671
600 1 7 _aCiepliński, Łukasz
_d(1913-1951)
_xuwięzienie.
_2kaba
_940672
610 2 7 _aArmia Krajowa (AK)
_2DBN
_937309
610 2 7 _aZrzeszenie "Wolność i Niezawisłość" (1945-1947)
_2DBN
_937539
610 2 7 _aZrzeszenie "Wolność i Niezawisłość" (1945-1947).
_2kaba
_939508
648 7 _a1901-2000
_2DBN
_934996
650 7 _aPodziemie polityczne i zbrojne (1944-1956)
_2DBN
_937255
650 7 _aRuch oporu
_2DBN
_935814
650 7 _aWięźniowie polityczni
_2DBN
_937312
650 7 _aProcesy polityczne
_zPolska
_y1945-1970
_vźródła.
_2kaba
_940673
651 7 _aPolska
_2DBN
_935076
655 7 _aAntologia
_2DBN
_934961
655 7 _aGrypsy
_2DBN
_940674
655 7 _aOpracowanie
_2DBN
_935024
655 7 _aWydawnictwo źródłowe
_2DBN
_935066
658 _aHistoria
710 2 _aInstytut Pamięci Narodowej - Komisja Ścigania Zbrodni przeciwko Narodowi Polskiemu.
_eInstytucja sprawcza
_eWydawca
_4pbl
_911792
920 _a978-83-8098-999-3 (oprawa twarda) : zł 29,00
942 _2ddc
_cBK_NM
999 _c27803
_d27803